000 03310nkm0a2200541 4500
001 RU\NLR\BIBL_A\022618061
005 20260204000000.0
035 _a(NLR Aleph) 022618061
071 5 0 _d1 руб.
_a5572
_960000
090 _a89027
_c89027
100 _a20250909d1942 u y0rusy50 ca
101 0 _arus
102 _aRU
116 _aiiycxx bf ad
135 _acrcn 024anaba
181 0 _ab4
_bxb2e
182 0 _an
200 1 _aКто с мечом к нам войдет, от меча и погибнет! Александр Невский
_eПусть вдохновляет вас в этой войне мужественный образ наших великих предков! И. Сталин
_e[плакат]
_fхудожники В. Иванов и О. Бурова
_gредактор П. Пискунов
203 _aИзображение
_bнеподвижное
_bдвухмерное
_bвизуальное
_cнепосредственное
210 _aМосква
_aЛенинград
_cИскусство
_d1942
_eМосква
_g3-я типография "Красный пролетарий" ОГИЗа РСФСР
215 _a1 л.
_cхромолитогр.
_d86х56,5
300 _aВ вып. данных: Л352 от 20/I 1942 г.; Заказ № 56
301 _aИзд. № 5572
325 _aКопия доступна в Электрон. б-ке РНБ
327 0 _aНа изобр. кавалеристы Красной армии идут в бой, на заднем плане Ледовое побоище 1242 г. и А. Невский
600 0 _aАлександр Невский
_cвеликий князь владимирский
_f1220 - 1263
_jПлакаты
_2nlr_sh1
_2nlr_sh2
_3RU\NLR\AUTH\6620446
606 1 _aПлакат русский советский
_z1941 - 1945
_2nlr_sh2
_3RU\NLR\AUTH\661423877
606 1 _aВеликая Отечественная война
_z1941 - 1945
_jПлакаты
_2nlr_sh1
_2nlr_sh2
_3RU\NLR\AUTH\668893
606 1 _aЛедовое побоище
_z1242
_jПлакаты
_2nlr_sh1
_2nlr_sh2
_3RU\NLR\AUTH\66609094
686 _aЩ153(2Р=Рус)7-466
700 1 _aИванов
_bВ. С.
_cхудожник
_f1909-1968
_gВиктор Семенович
_3RU\NLR\AUTH\770145769
_4040
702 1 _aБурова
_bО. К.
_f1911-1988
_gОльга Константиновна
_4040
702 1 _aСталин
_bИ. В.
_f1879-1953
_gИосиф Виссарионович
_3RU\NLR\AUTH\773464
_4072
712 0 2 _a"Искусство", издательство
_cМосква
_3RU\NLR\AUTH\8810147805
_4650
712 0 2 _a"Красный пролетарий", типография
_cМосква
_3RU\NLR\AUTH\8810047271
_4610
852 0 0 _aNLR
_bЭ
_jПлИр995/6-361
_mЭ072678
856 0 _uhttps://vivaldi.nlr.ru/la000070778/view
856 1 _uhttps://vivaldi.nlr.ru/la000070778/cover
856 2 _uhttps://vivaldi.nlr.ru/la000070778/text
942 _cVISUAL
945 _aРоссийская национальная библиотека
980 _aNB
980 _aBV
981 1 7 _a(17) Изографические материалы
_b(17) Плакаты